01888cam a22004337a 4500003000500000005001700005008004100022010001000063011001000073035001000083040000900093090001000102100004600112245016200158260004100320300001000361502011500371590003700486590004100523590004100564590004100605590004100646590004100687590004200728650002800770650004600798650004500844650004100889650004300930650004400973901000701017905002601024942000901050949006201059949004901121999001701170952014001187952012701327CHAP20220329142629.0010920d2001 mx r 00110 spa d a85892 a86864 a97404 cCHAP aTesis00aVelázquez Martínez, Mauricio.911857010aEvaluación de la eficiencia productiva y reproductiva de vaquillas Holstein Friesian importadas a la Comarca Lagunerac/por Mauricio Velázquez Martínez aChapingo, Méx. :bEl autor,c2002. a52 h. aTesis (Ing. Agr. en Sistemas Pecuarios de Zonas Aridas) -- UACH. Unidad Regional Universitaria de Zonas Aridas aALEPHb10c20130110lUCH01h1447 aBATCH-UPDb10c20130110lUCH01h0324 aBATCH-UPDb10c20130110lUCH01h1912 aBATCH-UPDb10c20130409lUCH01h2357 aBATCH-UPDb10c20130410lUCH01h1546 aBATCH-UPDb10c20130914lUCH01h1511 aCONVERSIONb10c20130109lUCH01h134814aGanado Friesian.94512814aGanado HolsteinxComarca Lagunera.94513414aGanado lecheroxComarca Lagunera.94524714aGanado lecheroxProducción.94528814aGanado lecheroxReproducción.94529414aGanado vacunoxComarca Lagunera.945446 aBK aAlejandra Carrasco M. cFOLL aTesisbBCcTESd33724000867271eTS2fc.2h39462i97404sb aTesisbBCcTESd974041eTS1h39461i97404sb c85892d85892 00102local4053708TESISaBCbBCcPA_TESISd2019-12-31fTESISl0oTesisp33724000867271r2019-12-31 00:00:00tc.2w2019-12-31yTESIS 00102local4051708TESISaBCbBCcPA_TESISd2019-12-31fTESISl0oTesisp974041r2019-12-31 00:00:00w2019-12-31yTESIS